Normal view MARC view

Entry Personal Name

Number of records used in: 6

001 - CONTROL NUMBER

  • control field: 53838

003 - CONTROL NUMBER IDENTIFIER

  • control field: dpl

005 - DATE AND TIME OF LATEST TRANSACTION

  • control field: 20121126171542.0

008 - FIXED-LENGTH DATA ELEMENTS

  • fixed length control field: 121126|||a|||||| | ||| d

040 ## - CATALOGING SOURCE

  • Original cataloging agency: dpl
  • Transcribing agency: dpl

100 ## - HEADING--PERSONAL NAME

  • Personal name: Bates, David

670 ## - SOURCE DATA FOUND

  • Source citation: Work cat.: (dpl): Mandal, Soumitra Kumar 53837, Basic electronics /, 2013

670 ## - SOURCE DATA FOUND

  • Source citation: Work cat.: (dpl): Mandal, Soumitra Kumar 53837, Basic electronics /, 2013

© Delhi Public Library
Hit Counter
free hit counter